| 000 | 00366cam a2200145 4500 | ||
|---|---|---|---|
| 008 | 040112n2003 000 0 eng u | ||
| 020 | _a0521545153 | ||
| 035 | _a(Sirsi) u124816 | ||
| 245 | _aStamp duty land tax | ||
| 260 |
_aCambridge University Press _c2003 |
||
| 350 | _a75 | ||
| 700 |
_aThomas, Michael _xEditor |
||
| 700 |
_aGoy, David _xEditor |
||
| 942 | _n0 | ||
| 999 |
_c103277 _d103277 |
||